00243nam a2200097Ia 4500082001800000245002900018100003100047942000700078008004100085999001900126 a346.6878 SHAR 0aHockly's insolvency law  a SHARROCK, Robert 988733 cBK210817s9999 xx 000 0 und d c366355d366354